| 000 | 00590nam a22001937a 4500 | ||
|---|---|---|---|
| 999 |
_c11801 _d11801 |
||
| 008 | 210111b ||||| |||| 00| 0 eng d | ||
| 020 | _a9780071072540 | ||
| 082 |
_a621.4021 _bCEN |
||
| 100 | _a Çengel, Yunus A. | ||
| 245 | _aThermodynamics : an engineering approach | ||
| 250 | _a7th Ed. | ||
| 260 |
_aNew Delhi _bTata Mcgraw Hill Education Pvt. Ltd. _c2011 |
||
| 300 |
_axxv, 978p. _bPbc |
||
| 650 | _aMass and energy analysis of control volumes | ||
| 650 | _aEntropy | ||
| 650 | _aEnergy analysis of closed system | ||
| 700 |
_aBoles, Michael A. _aKanoglu, Mehmet |
||
| 942 | _cBK | ||